000 00822nam a22002537a 4500
003 UA-OsUOA
001 35704
007 ta
008 20051212b un ||||| |||| 00| 0 ukr d
090 _a34(477)+341
_bЗ-19
942 _cBK
040 _aUA-OsUOA
_bukr
_cUA-OsUOA
_dUA-OsUOA
245 _aЗаконотворчість
_bЗбірник науково-практичних матеріалів
300 _a198 с.
955 _a2
041 _aukr
080 _a34(477)+341
020 _a966-7024-68-7
260 _aК.
_c2005
246 3 1 _aПроблеми гармонізації законодавства України з міжнародним та європейським правом
_n
250 _nВипуск 4
650 7 _a34 Право. Юриспруденція
_2UDC
999 _c322064
_d322064